Yewbelle Ltd V London Green Developments Limited and Knightsbridge Green Limited (Record no. 78871)
[ view plain ]
| 000 -LEADER | |
|---|---|
| fixed length control field | 01906cad a22001935a 4500 |
| 001 - CONTROL NUMBER | |
| control field | L138455 |
| 008 - FIXED-LENGTH DATA ELEMENTS--GENERAL INFORMATION | |
| fixed length control field | 070607e2007 xxk w 000 0 eng d |
| 035 ## - SYSTEM CONTROL NUMBER | |
| System control number | (Sirsi) u138455 |
| 041 0# - LANGUAGE CODE | |
| Language code of text/sound track or separate title | eng |
| 245 00 - TITLE STATEMENT | |
| Title | Yewbelle Ltd V London Green Developments Limited and Knightsbridge Green Limited |
| Medium | [electronic resource] |
| 260 ## - PUBLICATION, DISTRIBUTION, ETC. | |
| Date of publication, distribution, etc. | 2006 |
| 520 ## - SUMMARY, ETC. | |
| Summary, etc. | [2006] EWHC 3166 (Ch), Considers the extent to which "reasonable endeavours" are required in order to satisfy a contract. A contract existed for Y to sell property in Colliers Wood, London to L. The land comprises a tower block and multi-storey car park. L intended to develop the property, including the extension of the tower block to include a library. The contract contained a clause requiring Y to make reasonable endeavour to obtain planning permission for this under the Town and Country Planning Act s106. However problems arose between Y and the local authority. Y contended that the contract was now complete, as a reasonable time had passed within which Y had made reasonable attempts to obtain permission. L contested this. "Held": Where no explicit timeframe was stated in the contract, one could only be implied if it was to give efficacy to the business agreement, or so obvious that it needed no statement. The term suggested by Y could not be assumed and would have unintended effects upon the contract. Y had been incorrect in stating it had used all reasonable endeavours. L was entitled to further performance of the contract, which had not come to an end. Case upheld. |
| 650 24 - SUBJECT ADDED ENTRY--TOPICAL TERM | |
| Topical term or geographic name entry element | YEWBELLE LTD V LONDON GREEN DEVELOPMENTS LTD AND ANOTHER |
| 650 24 - SUBJECT ADDED ENTRY--TOPICAL TERM | |
| Topical term or geographic name entry element | TOWN AND COUNTRY PLANNING ACT 1990 S106 |
| 651 #4 - SUBJECT ADDED ENTRY--GEOGRAPHIC NAME | |
| Geographic name | England and Wales |
| Chronological subdivision | 1543- |
| 690 ## - LOCAL SUBJECT ADDED ENTRY--TOPICAL TERM (OCLC, RLIN) | |
| Topical term or geographic name as entry element | PROPERTY-PROPERTY ACQUISITION AND DISPOSAL |
| 856 40 - ELECTRONIC LOCATION AND ACCESS | |
| Uniform Resource Identifier | <a href="https://www.bailii.org/ew/cases/EWHC/Ch/2006/3166.html#para1">https://www.bailii.org/ew/cases/EWHC/Ch/2006/3166.html#para1</a> |
| Public note | View the article free of charge at www.lbailii.org... |
| 942 ## - ADDED ENTRY ELEMENTS (KOHA) | |
| Suppress in OPAC | 0 |
| Withdrawn status | Lost status | Source of classification or shelving scheme | Damaged status | Not for loan | Home library | Current library | Shelving location | Date acquired | Total Checkouts | Full call number | Barcode | Date last seen | Copy number | Price effective from | Koha item type |
|---|---|---|---|---|---|---|---|---|---|---|---|---|---|---|---|
| Dewey Decimal Classification | Virtual | Virtual | Online | 07/06/2007 | ONLINE PUBLICATION | 138455-1001 | 06/08/2019 | 1 | 06/08/2019 | Journal article |